[Event "FRA-ch U18/14 Online"]
[Site "Europe Echecs INT"]
[Date "2020.07.11"]
[Round "6"]
[White "Robine, Guillaume"]
[Black "Briand, Amaury"]
[Result "0-1"]
[WhiteElo "1571"]
[BlackElo "1929"]
[PlyCount "48"]
[EventDate "2020.07.11"]
[EventType "swiss (blitz)"]
[EventRounds "9"]
[EventCountry "FRA"]
[SourceTitle "EXT 2021"]
[Source "ChessBase"]
[SourceDate "2020.10.23"]
[SourceVersion "1"]
[SourceVersionDate "2020.10.23"]
[SourceQuality "1"]

1. e4 e5 2. Nf3 Nc6 3. d4 exd4 4. Nxd4 Qf6 5. Nb3 Bb4+ 6. c3 Be7 7. Be2 Qg6 8. N1d2 Qxg2 9. Bf3 Qg6 10. Nc4 d6 11. Be3 Be6 12. Qd3 0-0-0 13. 0-0-0 Bxc4 14. Qxc4 Ne5 15. Qa4 Nxf3 16. Qxa7 Kd7 17. Qxb7 Ke8 18. Qxc7 Nf6 19. Qc6+ Nd7 20. Bb6 Rb8 21. Nc5 Nfe5 22. Qc7 Rxb6 23. Rhg1 Qh6+ 24. Kb1 Bd8 0-1

[Event "FRA-ch U18/14 Online"]
[Site "Europe Echecs INT"]
[Date "2020.07.11"]
[Round "1"]
[White "Saya, Ethan"]
[Black "Robine, Guillaume"]
[Result "1-0"]
[WhiteElo "2199"]
[BlackElo "1571"]
[PlyCount "81"]
[EventDate "2020.07.11"]
[EventType "swiss (blitz)"]
[EventRounds "9"]
[EventCountry "FRA"]
[SourceTitle "EXT 2021"]
[Source "ChessBase"]
[SourceDate "2020.10.23"]
[SourceVersion "1"]
[SourceVersionDate "2020.10.23"]
[SourceQuality "1"]

1. e4 d5 2. exd5 Nf6 3. d4 Bg4 4. Be2 Bxe2 5. Qxe2 Qxd5 6. Nf3 Nc6 7. c4 Qf5 8. Be3 e6 9. Nc3 0-0-0 10. 0-0 h6 11. Rad1 g5 12. Qd3 Qxd3 13. Rxd3 e5 14. d5 e4 15. Rdd1 exf3 16. dxc6 Rxd1 17. cxb7+ Kxb7 18. Rxd1 fxg2 19. Rd8 Bg7 20. Rxh8 Bxh8 21. Bd4 c6 22. Kxg2 h5 23. b4 Bg7 24. Kf3 g4+ 25. Ke3 h4 26. Ne4 Nxe4 27. Bxg7 Nd6 28. Kd3 f5 29. Bf6 h3 30. Bh4 a5 31. a3 a4 32. Kd4 f4 33. Ke5 Nxc4+ 34. Kxf4 Nxa3 35. Kxg4 Nc2 36. f4 a3 37. Bf6 a2 38. f5 a1Q 39. Bxa1 Nxa1 40. f6 Nb3 41. f7 1-0

[Event "FRA-ch Blitz Online Qual"]
[Site "Europe Echecs INT"]
[Date "2020.05.16"]
[Round "14"]
[White "Joly, Charlotte"]
[Black "Robine, Guillaume"]
[Result "1/2-1/2"]
[WhiteElo "1454"]
[BlackElo "1571"]
[PlyCount "180"]
[EventDate "2020.05.16"]
[EventType "swiss (blitz)"]
[EventRounds "15"]
[EventCountry "FRA"]
[SourceTitle "CBM 196 Extra"]
[Source "ChessBase"]
[SourceDate "2020.07.31"]
[SourceVersion "1"]
[SourceVersionDate "2020.07.31"]
[SourceQuality "1"]

1. d4 d5 2. Bf4 Nf6 3. e3 Bf5 4. Nf3 e6 5. h3 Be7 6. Nbd2 0-0 7. Be2 c5 8. c3 c4 9. Nh4 Bg6 10. Nxg6 hxg6 11. Bf3 b5 12. a3 a5 13. 0-0 Nc6 14. Re1 b4 15. axb4 axb4 16. e4 bxc3 17. bxc3 Qb6 18. exd5 exd5 19. Bg5 Qb2 20. Rc1 Rfd8 21. Nxc4 dxc4 22. Bxc6 Rac8 23. Rxe7 Rxc6 24. Bxf6 Rxf6 25. Re2 Qb6 26. f3 Rd5 27. Re5 Rxe5 28. Kh2 Rd5 29. Qe1 Qd6+ 30. Kg1 Re6 31. Qh4 Rh5 32. Qf2 Qf4 33. Ra1 Qe3 34. Qxe3 Rxe3 35. Ra8+ Kh7 36. Ra3 Rd5 37. Kf2 Rd3 38. Ke2 R5xd4 39. Ra7 Rd2+ 40. Ke1 Rd1+ 41. Ke2 R4d2+ 42. Ke3 Rxg2 43. Rxf7 Rc2 44. Rc7 Rxc3+ 45. Ke2 Rc2+ 46. Kxd1 Rc3 47. Kd2 Rxf3 48. Rxc4 Rxh3 49. Ke2 Rg3 50. Kf2 Rg5 51. Kf3 Kh6 52. Kf4 Kh5 53. Rc2 Rf5+ 54. Ke4 Kg5 55. Rg2+ Kf6 56. Rc2 Re5+ 57. Kf4 Rf5+ 58. Kg4 Re5 59. Rc6+ Re6 60. Rc7 g5 61. Rb7 g6 62. Rb5 Re4+ 63. Kf3 Rc4 64. Kg3 Kg7 65. Rxg5 Kf6 66. Rb5 g5 67. Kf3 Rc3+ 68. Kg4 Rc4+ 69. Kf3 Rh4 70. Kg3 Ra4 71. Kf3 g4+ 72. Kg3 Kg6 73. Rd5 Kf6 74. Rb5 Kg6 75. Re5 Rc4 76. Rb5 Kf6 77. Ra5 Ke6 78. Rg5 Rc3+ 79. Kxg4 Rc1 80. Rg6+ Kd5 81. Rg5+ Ke4 82. Kh5 Rf1 83. Rg4+ Kf3 84. Rg5 Rh1+ 85. Kg6 Re1 86. Rf5+ Ke2 87. Re5+ Kd2 88. Rd5+ Ke2 89. Re5+ Kd2 90. Rxe1 Kxe1 1/2-1/2

[Event "FRA-ch Blitz Online Qual"]
[Site "Europe Echecs INT"]
[Date "2020.05.16"]
[Round "1"]
[White "Robine, Guillaume"]
[Black "Le Huec, Marc"]
[Result "0-1"]
[WhiteElo "1571"]
[BlackElo "2213"]
[PlyCount "100"]
[EventDate "2020.05.16"]
[EventType "swiss (blitz)"]
[EventRounds "15"]
[EventCountry "FRA"]
[SourceTitle "CBM 196 Extra"]
[Source "ChessBase"]
[SourceDate "2020.07.31"]
[SourceVersion "1"]
[SourceVersionDate "2020.07.31"]
[SourceQuality "1"]

1. e4 c5 2. Nc3 Nc6 3. f4 e6 4. Nf3 d5 5. Bb5 Nge7 6. 0-0 d4 7. Ne2 a6 8. Bxc6+ Nxc6 9. d3 Be7 10. Qe1 f5 11. exf5 exf5 12. Ng3 0-0 13. Ne5 Nb4 14. Qf2 Bd6 15. a3 Nd5 16. Nc4 Bc7 17. Bd2 b6 18. Rae1 Bb7 19. Kh1 Qf6 20. Ne2 b5 21. Ne5 Bxe5 22. fxe5 Qxe5 23. Ng1 Qd6 24. Nf3 f4 25. Qh4 Ne3 26. Bxe3 fxe3 27. Ng5 h6 28. Ne4 Qe5 29. Rf3 Bxe4 30. Qxe4 Qxe4 31. dxe4 Rae8 32. Kg1 Rxe4 33. Kf1 Ref4 34. Ke2 Rxf3 35. gxf3 Kf7 36. Rg1 Re8 37. Rg4 a5 38. h4 Re6 39. b3 Rd6 40. Rf4+ Kg6 41. Re4 Kf5 42. Rg4 g5 43. hxg5 hxg5 44. Kd3 c4+ 45. Ke2 d3+ 46. cxd3 cxd3+ 47. Kxe3 d2 48. Rd4 Rxd4 49. Kxd4 d1Q+ 50. Kc5 Qxb3 0-1

[Event "FRA-ch Blitz Online Qual"]
[Site "Europe Echecs INT"]
[Date "2020.05.16"]
[Round "3"]
[White "Robine, Guillaume"]
[Black "Sesia, Noah"]
[Result "0-1"]
[WhiteElo "1571"]
[BlackElo "1822"]
[PlyCount "78"]
[EventDate "2020.05.16"]
[EventType "swiss (blitz)"]
[EventRounds "15"]
[EventCountry "FRA"]
[SourceTitle "CBM 196 Extra"]
[Source "ChessBase"]
[SourceDate "2020.07.31"]
[SourceVersion "1"]
[SourceVersionDate "2020.07.31"]
[SourceQuality "1"]

1. e4 e6 2. d3 d5 3. Nf3 dxe4 4. dxe4 Qxd1+ 5. Kxd1 Bd6 6. c3 Nd7 7. Be3 Ngf6 8. Nbd2 0-0 9. Be2 b6 10. Nd4 Bb7 11. f3 c5 12. N4b3 Rfd8 13. Kc2 Rac8 14. Rad1 Ne5 15. Bf2 a5 16. Nc4 Nxc4 17. Bxc4 Nxe4 18. fxe4 Bxe4+ 19. Bd3 Bxg2 20. Rhg1 Bf3 21. Rde1 Bxh2 22. Rg5 h6 23. Re3 hxg5 24. Rxf3 g4 25. Re3 c4 26. Nd4 cxd3+ 27. Rxd3 Bf4 28. Nb5 Rxd3 29. Kxd3 Rc6 30. Nd4 Rd6 31. Ke4 e5 32. Nf5 Rd2 33. Bxb6 Rxb2 34. Bxa5 Rxa2 35. Bb4 g3 36. Bc5 g2 37. Kf3 g6 38. Nh6+ Bxh6 39. Be3 Bxe3 0-1

[Event "Sautron op 19th"]
[Site "Sautron"]
[Date "2019.10.19"]
[Round "8.15"]
[White "Renard, Emmanuel"]
[Black "Robine, Guillaume"]
[Result "1-0"]
[WhiteElo "1856"]
[BlackElo "1510"]
[PlyCount "55"]
[EventDate "2019.12.10"]
[EventType "swiss"]
[EventRounds "9"]
[EventCountry "FRA"]
[SourceTitle "EXT 2022"]
[Source "ChessBase"]
[SourceDate "2021.10.06"]
[SourceVersion "1"]
[SourceVersionDate "2021.10.06"]
[SourceQuality "1"]

1. f4 e5 2. fxe5 d6 3. exd6 Bxd6 4. Nf3 Nf6 5. Nc3 Ng4 6. g3 Nxh2 7. Rxh2 Bxg3+ 8. Rf2 Bxf2+ 9. Kxf2 Nc6 10. d4 Bg4 11. Bg5 f6 12. Be3 Qe7 13. Nd5 Qd6 14. c4 g5 15. b4 Ne7 16. Qa4+ c6 17. Nxe7 Qxe7 18. d5 Bxf3 19. exf3 Kf7 20. dxc6 bxc6 21. Qxc6 Rac8 22. Qd5+ Kg7 23. Bd4 h6 24. Re1 Qf7 25. Qf5 Rhe8 26. Rxe8 Rxe8 27. Bd3 Rh8 28. b5 1-0